| 000 | 00761nam a2200229 i 4500 | ||
|---|---|---|---|
| 001 | 125199 | ||
| 003 | ES-MaACL | ||
| 005 | 20230906192556.0 | ||
| 007 | t| | ||
| 008 | 070507s1936 sp ||||1| spa d | ||
| 080 | _a860-22"19" | ||
| 100 | 1 |
_aMillán Astray, Pilar, _d1879-1949 _981141 |
|
| 245 | 1 | 4 |
_aLas tres Marías _b: comedia asainetada / _cPilar Millán Astray ; dibujos de Antonio Merlo. |
| 260 |
_aMadrid : _bRivadeneyra, _c1936. |
||
| 300 |
_a94 p. : _bil. ; _c17 cm. |
||
| 490 | 1 |
_aLa Farsa ; _v451 |
|
| 500 | _aEstrenada en el Teatro Cervantes de Madrid el día 28 de febrero de 1936. | ||
| 700 | 1 |
_aMerlo, Antonio. _980579 |
|
| 830 | 0 |
_aLa Farsa ; _v451 _9185863 |
|
| 852 |
_aES-MaACL _j2226-F-6 _bR.140795 |
||
| 999 |
_c125199 _d125199 |
||